Score 0/5 Timer 05:00
0 Plays Today
Episodes Include (but are not limited to Wraith % Correct
Common Ground, The Queen, The Seer, Be All My Sins Remember'dTodd
93%
Allies, Misbegotten, The Kindred, Missing, VengeanceMichael
89.8%
Suspicion, Poisoning the WellSteve
67.2%
The SiegeBob
61.3%
InstinctEllia
40%

You're not logged in!

Compare scores with friends on all Sporcle quizzes.
OR
Log In

Sporcle TV

Today on Sporcle TV


Watch our educational content, quiz creation guides, and fun videos on Sporcle TV.

Show Comments

Extras

Top Quizzes Today


Score Distribution

Paid Content

Your Account Isn't Verified!

In order to create a playlist on Sporcle, you need to verify the email address you used during registration. Go to your Sporcle Settings to finish the process.

Report this User

Report this user for behavior that violates our Community Guidelines.

Details: